000 00636nam a2200181 4500
001 116866
003 ES-MaACL
007 t|
008 061121s1948 ag r ||||1| spa d
100 1 _aPende, Nicola.
_990160
245 1 3 _aLa ciencia moderna de la persona humana
_b: biología : psicología /
_cNicola Pende ; versión castellana de los doctores Donato Boccia, Vicente A. Franco.
250 _a1ª. ed. en castellano.
260 _aBuenos Aires :
_bAlfa,
_c1948.
300 _a487 p., 6 lám. :
_bil. ;
_c23 cm.
700 1 _aBoccia, Donato.
_929668
700 1 _aFranco, Vicente A.
_952236
852 _aES-MaACL
_jE-372
_bR.28476
999 _c116866
_d116866